000 00544nam a2200193 a 4500
001 000028515
003 DO-SdBNP
005 20220318080634.0
007 ta
008 090824s2007 dr 001 0 spa d
040 _aDO-SdBNP
_bspa
_cBNPHU
049 _aBNPD
110 1 _aRepública Dominicana.
_9447
240 1 3 _a[Leyes, etc.]
245 1 0 _aLey No. 821 de Orgnización Judicial y sus modificaciones.
260 _aSanto Domingo :
_bSuprema Corte de Justicia, Poder Judicial,
_c2007.
300 _a114 p. ;
_c12 cm.
942 _2ddc
_cLBS1
999 _c28007
_d28007